<?xml version="1.0" encoding="UTF-8"?>
<record
    xmlns:xsi="http://www.w3.org/2001/XMLSchema-instance"
    xsi:schemaLocation="http://www.loc.gov/MARC21/slim http://www.loc.gov/standards/marcxml/schema/MARC21slim.xsd"
    xmlns="http://www.loc.gov/MARC21/slim">

  <leader>00360nam a22001577a 4500</leader>
  <controlfield tag="003">OSt</controlfield>
  <controlfield tag="008">220614b           ||||| |||| 00| 0 eng d</controlfield>
  <datafield tag="020" ind1=" " ind2=" ">
    <subfield code="a">9781259029950</subfield>
  </datafield>
  <datafield tag="082" ind1=" " ind2=" ">
    <subfield code="a">004.678</subfield>
    <subfield code="b">BUM</subfield>
  </datafield>
  <datafield tag="100" ind1=" " ind2=" ">
    <subfield code="a">BUYYA, Rajkumar </subfield>
  </datafield>
  <datafield tag="245" ind1=" " ind2=" ">
    <subfield code="a">Mastering Cloud Computing</subfield>
  </datafield>
  <datafield tag="250" ind1=" " ind2=" ">
    <subfield code="a">16th</subfield>
  </datafield>
  <datafield tag="260" ind1=" " ind2=" ">
    <subfield code="a">New Delhi</subfield>
    <subfield code="b">TMH</subfield>
    <subfield code="c">2020</subfield>
  </datafield>
  <datafield tag="300" ind1=" " ind2=" ">
    <subfield code="a">434</subfield>
  </datafield>
  <datafield tag="942" ind1=" " ind2=" ">
    <subfield code="2">ddc</subfield>
    <subfield code="c">BK</subfield>
  </datafield>
  <datafield tag="999" ind1=" " ind2=" ">
    <subfield code="c">11370</subfield>
    <subfield code="d">11370</subfield>
  </datafield>
  <datafield tag="952" ind1=" " ind2=" ">
    <subfield code="0">0</subfield>
    <subfield code="1">0</subfield>
    <subfield code="2">ddc</subfield>
    <subfield code="4">0</subfield>
    <subfield code="7">0</subfield>
    <subfield code="8">BTECHCSE</subfield>
    <subfield code="a">PIET</subfield>
    <subfield code="b">PIET</subfield>
    <subfield code="d">2022-06-06</subfield>
    <subfield code="e">Dristi Book Center</subfield>
    <subfield code="f">Indian Rup</subfield>
    <subfield code="g">899.00</subfield>
    <subfield code="k">804</subfield>
    <subfield code="l">0</subfield>
    <subfield code="o">004.6782 BUM</subfield>
    <subfield code="p">33707</subfield>
    <subfield code="r">2022-06-14 00:00:00</subfield>
    <subfield code="v">611.32</subfield>
    <subfield code="w">2022-06-06</subfield>
    <subfield code="y">BK</subfield>
  </datafield>
  <datafield tag="952" ind1=" " ind2=" ">
    <subfield code="0">0</subfield>
    <subfield code="1">0</subfield>
    <subfield code="2">ddc</subfield>
    <subfield code="4">0</subfield>
    <subfield code="7">0</subfield>
    <subfield code="8">CSECS</subfield>
    <subfield code="a">PIET</subfield>
    <subfield code="b">PIET</subfield>
    <subfield code="d">2024-10-16</subfield>
    <subfield code="e">Books Unlimited</subfield>
    <subfield code="f">INR</subfield>
    <subfield code="g">775.00</subfield>
    <subfield code="k">272</subfield>
    <subfield code="l">0</subfield>
    <subfield code="o">004.678 BUM</subfield>
    <subfield code="p">38593</subfield>
    <subfield code="r">2025-01-24 00:00:00</subfield>
    <subfield code="v">615.35</subfield>
    <subfield code="w">2024-10-16</subfield>
    <subfield code="y">BK</subfield>
    <subfield code="z">Decentralization</subfield>
  </datafield>
  <datafield tag="952" ind1=" " ind2=" ">
    <subfield code="0">0</subfield>
    <subfield code="1">0</subfield>
    <subfield code="2">ddc</subfield>
    <subfield code="4">0</subfield>
    <subfield code="7">0</subfield>
    <subfield code="8">CSECS</subfield>
    <subfield code="a">PIET</subfield>
    <subfield code="b">PIET</subfield>
    <subfield code="d">2024-10-16</subfield>
    <subfield code="e">Books Unlimited</subfield>
    <subfield code="f">INR</subfield>
    <subfield code="g">775.00</subfield>
    <subfield code="k">272</subfield>
    <subfield code="l">1</subfield>
    <subfield code="o">004.678 BUM</subfield>
    <subfield code="p">38594</subfield>
    <subfield code="r">2025-10-17 00:00:00</subfield>
    <subfield code="s">2025-09-25</subfield>
    <subfield code="v">615.35</subfield>
    <subfield code="w">2024-10-16</subfield>
    <subfield code="y">BK</subfield>
    <subfield code="z">Decentralization</subfield>
  </datafield>
</record>
